LIBRARY & INFORMATION CENTRE, KCAET, TAVANUR

ONLINE PUBLIC ACCESS CATALOGUE (OPAC)

Machine design / (Record no. 9253)

MARC details
000 -LEADER
fixed length control field 00394cam a2200169ua 4500
041 ## - LANGUAGE CODE
Language code of text/sound track or separate title eng
082 ## - DEWEY DECIMAL CLASSIFICATION NUMBER
Classification number 621.815
Item number NAG/MA
100 ## - MAIN ENTRY--AUTHOR NAME
Personal name Nagpal, G.R.
245 ## - TITLE STATEMENT
Title Machine design /
260 ## - PUBLICATION, DISTRIBUTION, ETC. (IMPRINT)
Place of publication Delhi :
Name of publisher Khanna publishers ,
Year of publication 1984.
300 ## - PHYSICAL DESCRIPTION
Number of Pages 728 ; .
942 ## - ADDED ENTRY ELEMENTS (KOHA)
Koha item type Books
Holdings
Withdrawn status Lost status Damaged status Home library Current library Date acquired Full call number Accession Number Koha item type
      KAUAET KAUAET 20/08/1986 621.815 15451 Books
free website counter